<?xml version="1.0" encoding="UTF-8"?>
<record
    xmlns:xsi="http://www.w3.org/2001/XMLSchema-instance"
    xsi:schemaLocation="http://www.loc.gov/MARC21/slim http://www.loc.gov/standards/marcxml/schema/MARC21slim.xsd"
    xmlns="http://www.loc.gov/MARC21/slim">

  <leader>02624nam a22003377a 4500</leader>
  <datafield tag="999" ind1=" " ind2=" ">
    <subfield code="c">21916</subfield>
    <subfield code="d">21916</subfield>
  </datafield>
  <controlfield tag="003">AR-CdUCM</controlfield>
  <controlfield tag="008">190425b           ||||| |||| 00| 0 spa d</controlfield>
  <datafield tag="040" ind1=" " ind2=" ">
    <subfield code="a">MUNICIPALIDAD PROVINCIAL DEL CUSCO</subfield>
    <subfield code="c">BIBLIOTECA MUNICIPAL DEL CUSCO</subfield>
  </datafield>
  <datafield tag="082" ind1=" " ind2=" ">
    <subfield code="a">Rev.Letras/N&#xB0;3/1968</subfield>
  </datafield>
  <datafield tag="110" ind1=" " ind2=" ">
    <subfield code="a">Universidad Nacional del Cuzco</subfield>
    <subfield code="9">23977</subfield>
  </datafield>
  <datafield tag="245" ind1=" " ind2=" ">
    <subfield code="a">Revista Letras :</subfield>
    <subfield code="b">&#xF3;rgano de la facultad de Letras y Ciencias Humanas /</subfield>
  </datafield>
  <datafield tag="260" ind1=" " ind2=" ">
    <subfield code="a">Cusco :</subfield>
    <subfield code="b">H.G. Rozas,</subfield>
    <subfield code="c">1969.</subfield>
  </datafield>
  <datafield tag="300" ind1=" " ind2=" ">
    <subfield code="a">256 [45] p&#xE1;ginas. :</subfield>
    <subfield code="c">24 cm.</subfield>
  </datafield>
  <datafield tag="440" ind1=" " ind2=" ">
    <subfield code="a">Universidad del Cuzco.</subfield>
    <subfield code="n">A&#xF1;o II, Segunda &#xE9;poca, segundo semestre de 1967, 1er semestre de 1968. N&#xB0;3</subfield>
    <subfield code="9">46815</subfield>
  </datafield>
  <datafield tag="505" ind1=" " ind2=" ">
    <subfield code="a">Contenido: Las danzas ind&#xED;genas del Per&#xFA; como elementos teatrales en las &#xE9;pocas incaica y colonial. Jos&#xE9; Uriel Garc&#xED;a. -- Teatro aborigen americano. Clemente H. Balmori. -- Ignacio de Castro y un espect&#xE1;culo de pantomima en el Cuzco colonial. Guillermo Ugarte Chamorro. -- Runa Simi o la lengua del hombre. Stefanie Klose. -- Garcilaso el Inca poeta y narrador. Augusto Tamayo Vargas. -- Elogio del libro. Alberto Tauro. -- La influencia tel&#xFA;rica en la idea filos&#xF3;fica Inca. Alfredo Y&#xE9;pez Miranda. -- Suma y desarrollo de las ideas sobre Filosof&#xED;a de la Historia en el Per&#xFA;. Jos&#xE9; Tamayo Herrera. -- La victoria regia cuento. Arturo Hern&#xE1;ndez. -- El Mar y sus palabras poes&#xED;a. Arturo Corcuera. -- 12 poemas. Winston Orrillo. -- Anti poemas, breve antolog&#xED;a. Nicanor Parra. -- Poemas. Carlos Germ&#xE1;n Belli. -- Un rito en el Per&#xFA; precolombino. Jorge Flores Ochoa. -- El parto y los ritos de nacimiento. Demetrio Roca Wallparimachi. -- El lenguaje humano. Andr&#xE9;s Alencastre G. -- Sabogal artista nacional y su &#xE9;poca. Jorge Falcon. -- Benjam&#xED;n Mendiz&#xE1;bal Vizcarra apuntes para una biograf&#xED;a. Luis Nieto Miranda. -- Carta a c&#xE9;sar Vallejo. Ernesto More. -- Breve antolog&#xED;a. Taitacha Temblores. Cruz Velacuy la velada de la cruz. La chola. La chicher&#xED;a caverna de nacionalidad. Corpus del Cusco. El traje el poncho, el chullu, el chumpi y otras prendas. Jos&#xE9; Uriel Garc&#xED;a.</subfield>
  </datafield>
  <datafield tag="650" ind1=" " ind2=" ">
    <subfield code="a">Narrativa cusque&#xF1;a</subfield>
    <subfield code="9">10453</subfield>
  </datafield>
  <datafield tag="650" ind1=" " ind2=" ">
    <subfield code="a">Escritores cusque&#xF1;os</subfield>
    <subfield code="9">10661</subfield>
  </datafield>
  <datafield tag="650" ind1=" " ind2=" ">
    <subfield code="a">Literatura cusque&#xF1;a</subfield>
    <subfield code="9">46804</subfield>
  </datafield>
  <datafield tag="650" ind1=" " ind2=" ">
    <subfield code="a">Folklore</subfield>
    <subfield code="9">46816</subfield>
  </datafield>
  <datafield tag="650" ind1=" " ind2=" ">
    <subfield code="a">Antropolog&#xED;a cusque&#xF1;a</subfield>
    <subfield code="9">45862</subfield>
  </datafield>
  <datafield tag="700" ind1=" " ind2=" ">
    <subfield code="a">Garc&#xED;a, Jos&#xE9; Uriel</subfield>
    <subfield code="9">3684</subfield>
  </datafield>
  <datafield tag="700" ind1=" " ind2=" ">
    <subfield code="a">Ugarte Chamorro, Guillermo</subfield>
    <subfield code="9">31976</subfield>
  </datafield>
  <datafield tag="700" ind1=" " ind2=" ">
    <subfield code="a">Tamayo Vargas, Augusto</subfield>
    <subfield code="9">1952</subfield>
  </datafield>
  <datafield tag="700" ind1=" " ind2=" ">
    <subfield code="a">Tamayo Herrera, Jos&#xE9;</subfield>
    <subfield code="9">11513</subfield>
  </datafield>
  <datafield tag="700" ind1=" " ind2=" ">
    <subfield code="a">Flores Ochoa, Jorge</subfield>
    <subfield code="9">2915</subfield>
  </datafield>
  <datafield tag="700" ind1=" " ind2=" ">
    <subfield code="a">Nieto Miranda, Luis</subfield>
    <subfield code="9">31822</subfield>
  </datafield>
  <datafield tag="700" ind1=" " ind2=" ">
    <subfield code="a">Roca Wallparimachi, Demetrio</subfield>
    <subfield code="9">6182</subfield>
  </datafield>
  <datafield tag="700" ind1=" " ind2=" ">
    <subfield code="a">Tauro, Alberto</subfield>
    <subfield code="9">11692</subfield>
  </datafield>
  <datafield tag="942" ind1=" " ind2=" ">
    <subfield code="2">ddc</subfield>
    <subfield code="c">PP</subfield>
  </datafield>
  <datafield tag="945" ind1=" " ind2=" ">
    <subfield code="a">rac</subfield>
  </datafield>
  <datafield tag="952" ind1=" " ind2=" ">
    <subfield code="0">0</subfield>
    <subfield code="2">ddc</subfield>
    <subfield code="4">0</subfield>
    <subfield code="7">0</subfield>
    <subfield code="a">HEM</subfield>
    <subfield code="b">HEM</subfield>
    <subfield code="c">CART</subfield>
    <subfield code="d">2021-10-19</subfield>
    <subfield code="g">10.00</subfield>
    <subfield code="o">Rev.Letras/N&#xB0;3/1968</subfield>
    <subfield code="p">REVC000442</subfield>
    <subfield code="r">2021-10-19</subfield>
    <subfield code="y">PP</subfield>
  </datafield>
  <datafield tag="952" ind1=" " ind2=" ">
    <subfield code="0">0</subfield>
    <subfield code="2">ddc</subfield>
    <subfield code="4">0</subfield>
    <subfield code="7">0</subfield>
    <subfield code="a">HEM</subfield>
    <subfield code="b">HEM</subfield>
    <subfield code="c">CART</subfield>
    <subfield code="d">2021-10-19</subfield>
    <subfield code="g">10.00</subfield>
    <subfield code="o">Rev.Letras/N&#xB0;3/1968/e.2</subfield>
    <subfield code="p">REVC000443</subfield>
    <subfield code="r">2021-10-19</subfield>
    <subfield code="y">PP</subfield>
  </datafield>
  <datafield tag="952" ind1=" " ind2=" ">
    <subfield code="0">0</subfield>
    <subfield code="2">ddc</subfield>
    <subfield code="4">0</subfield>
    <subfield code="7">0</subfield>
    <subfield code="a">HEM</subfield>
    <subfield code="b">HEM</subfield>
    <subfield code="c">CART</subfield>
    <subfield code="d">2021-10-19</subfield>
    <subfield code="g">10.00</subfield>
    <subfield code="o">Rev.Letras/N&#xB0;3/1968/e.3</subfield>
    <subfield code="p">REVC000444</subfield>
    <subfield code="r">2021-10-19</subfield>
    <subfield code="y">PP</subfield>
  </datafield>
</record>
